The Owl House Characters - Statistics

General Stats
  • This quiz has been taken 812 times
  • The average score is 13 of 15
Answer Stats
Hint Answer % Correct
Nicknamed Mittens and is the main protagonist’s love interest. (Is in the abomination track) Amity
99%
The Owl Lady (was cursed) Eda
99%
Was adopted by the Owl Lady King
99%
Came through the Boiling Aisles through a door and befriended the Owl Lady Luz
99%
Is an illusionist and befriends the main protagonist Gus
97%
Guards the Owl House Hooty
97%
Is in the plant track and befriends the main protagonist Willow
96%
The Emperor’s Coven lead scholar (the Owl Lady’s sister) Lilith
93%
The Owl Lady’s flying staff Owlbert
87%
The head of the Emperor’s Coven Belos
86%
Mitten’s brother Edric
86%
Mitten’s sister (has a twin brother) Emira
83%
Mitten’s mom (is in the Oracle track) Odalia
79%
Mitten’s dad (makes weapons at Blight Industries) Alador
75%
The Emperor’s Coven teen prodigy. Golden Guard
75%
No matching quizzes found
Score Distribution
Percent of People with Each Score
Percentile by Number Answered
Your Score History
You have not taken this quiz